| 000 | 00834nam a2200241 a 4500 | ||
|---|---|---|---|
| 999 |
_c355031 _d355031 |
||
| 003 | BLK | ||
| 005 | 20250122144911.0 | ||
| 008 | 200415b bu ||||| |||| 00| 0 bu d | ||
| 040 | _aBLK | ||
| 041 |
_aBUL _cBUL |
||
| 080 |
_aБългарска литература _b821.163.2 _x-22 _z821.163.2-22 |
||
| 100 |
_aКорнелиева, В. _eпърви автор _91299 |
||
| 139 |
_aКорнелиева, В. _bК 85 |
||
| 245 |
_aПод благоуханното клонче на люляката _bКомедия в 1 д. _cПрев. от рус. Lyly |
||
| 260 |
_aРусе _c1903 _fМеркур |
||
| 300 |
_a23 с. _c19 см |
||
| 380 | _aX | ||
| 700 |
_91121 _aLyly _eпрев. от рус. |
||
| 852 | _aК 821/К 25 | ||
| 942 |
_2udc _cKNG _n0 _s1 _01 |
||
| 944 |
_c2020-04-15 _k30558 _lВаля Йорданова |
||
| 999 | _d355031 | ||